000 00556nam a2200229Ia 4500
003 OSt
005 20220918212832.0
006 a|||||r|||| 00| 0
007 ta
008 220917b |||||||| |||| 00| 0 eng d
024 _a130,380
037 _cTextual
040 _aARTS
_cARTS
_beng
041 _2eng
_aeng
082 _aX:3M24xM18, L2;3
100 _aLewis John
_977591
245 0 _aMarxism of Marx
260 _c1972
650 _aECONOMICS
942 _hX:3M24xM18, L2;3
_cTEXL
_2CC
999 _c253507
_d253507